000 00502nam a2200181Ia 4500
999 _c21746
_d21746
003 OSt
005 20200617153910.0
008 190216s9999||||xx |||||||||||||| ||und||
020 _a9788122004649
040 _coclc
082 _a954.03
_bSHA/H
100 _aSharma, L P
_93025
245 0 _aHistory Of Modern India /
_cL P Sharma
250 _a2nd Ed.
260 _bKonark Publishers,
_c2010.
_aNew Delhi:
300 _a382p
942 _cBK
_2ddc
_h954.03
_iSHA/H
_k954.03
_mSHA/H